Cooperativismo Sindicalismo. Enjuiciamiento de la realidad cooperativa en América Latina. Parte I /

Gespeichert in:
Bibliographische Detailangaben
Körperschaften: CMT, CLASC FCL Instituto Latinoamericano de Estudios Sociales ILATES
Format: Text
Veröffentlicht: Caracas: CMT
Tags: Tag hinzufügen
Keine Tags, Fügen Sie den ersten Tag hinzu!

MARC

LEADER 00000 a a2200000 04500
001 25960
003
040
090 |a 182503  
110 |a CMT  
245 |a Cooperativismo Sindicalismo. Enjuiciamiento de la realidad cooperativa en América Latina. Parte I /  |c CMT  
260 |a Caracas:   |b CMT  
300 |a p. irreg.   |b fonodiscos   |b escudos de armas  
710 |a CLASC   |a FCL   |a Instituto Latinoamericano de Estudios Sociales   |a ILATES  
999 |c 14496  |d 14496